[Event "FRA-ch Youth U16 2018"]
[Site "Agen"]
[Date "2018.04.18"]
[Round "5"]
[White "Bellahcene, Meriem"]
[Black "Andre, Victoria"]
[Result "1/2-1/2"]
[WhiteElo "1862"]
[BlackElo "1575"]
[Annotator "NA"]
[PlyCount "132"]
[EventDate "2018.??.??"]
[EventType "swiss"]
[EventCountry "FRA"]
[SourceTitle "playchess.com"]
[Source "ChessBase"]
[SourceQuality "1"]
[TimeControl "5400+30"]

1. e4 {[%emt 0:00:00]} c5 {[%emt 0:06:25]} 2. Nf3 {[%emt 0:00:00]} Nc6 {[%emt 0:00:18]} 3. Nc3 {[%emt 0:00:39]} g6 {[%emt 0:00:32]} 4. d4 {[%emt 0:00:25]} cxd4 {[%emt 0:00:17]} 5. Nxd4 {[%emt 0:00:04]} Bg7 {[%emt 0:00:05]} 6. Nde2 {[%emt 0:00:27]} Nf6 {[%emt 0:01:05]} 7. g3 {[%emt 0:00:47]} O-O {[%emt 0:01:14]} 8. Bg2 {[%emt 0:00:04]} d6 {[%emt 0:00:22]} 9. h3 {[%emt 0:02:01]} Bd7 {[%emt 0:11:09] LiveBook: 32 Games} 10. Be3 {[%emt 0:04:53]} Rc8 {[%emt 0:06:32]} 11. O-O {[%emt 0:05:15]} b6 {[%emt 0:04:48] B70: Sicilian Dragon: 6 g3 and 6 Be2 (without a later Be3)} (11... Qa5 12. Nd5 Nxd5 13. exd5 Ne5 14. b3 Be8 15. Bd4 Nd7 16. Bxg7 Kxg7 17. Nd4 Nf6 18. Re1 Rc7 19. a3 Qc5 {1-0 (29) Grigoriants,S (2603)-Gullaksen,E (2363) London 2015}) 12. Qd2 {[%emt 0:03:59]} Ne5 {[%emt 0:03:11]} 13. Qc1 {[%emt 0:18:36]} Bc6 $146 {[%emt 0:11:47]} ({Find the theoretical novelty and annotate with similar games:} 13... Qc7 14. b3 Bc6 15. Bd4 Ned7 16. Qd2 Nc5 17. Bxc5 dxc5 18. Rad1 Rcd8 19. Qe3 {0-1 (78) Delaney,A-Ferrer Lucas,P (2065) Valetta 1980}) 14. Nd4 {[%emt 0:07:13]} Ba8 {[%emt 0:06:21]} 15. Bh6 {[%emt 0:08:12]} Qc7 {[%emt 0:14:48]} 16. Bxg7 {[%emt 0:06:20]} Kxg7 {[%emt 0:00:06]} 17. Re1 {[%emt 0:02:05]} a6 {[%emt 0:06:50]} 18. a4 $11 {[%emt 0:01:00]} Rfd8 {[%emt 0:00:44]} 19. Qg5 {[%emt 0:08:51]} e6 {[%emt 0:10:14]} 20. Rad1 {[%emt 0:04:57]} h6 {[%emt 0:01:19]} 21. Qc1 {[%emt 0:00:10]} Nc4 {[%emt 0:01:21]} 22. Nde2 {[%emt 0:04:55]} Bc6 {[%emt 0:01:42]} 23. b3 {[%emt 0:01:43]} Ne5 {[%emt 0:00:18]} 24. Qb2 {[%emt 0:02:46]} b5 {[%emt 0:03:23]} 25. axb5 {[%emt 0:02:17]} axb5 {[%emt 0:00:25]} 26. Nd4 {[%emt 0:01:42]} b4 {[%emt 0:00:19]} 27. Na2 {[%emt 0:00:45]} Qb7 {[%emt 0:01:34]} 28. Nxc6 {[%emt 0:01:21]} Nxc6 {[%emt 0:01:43]} 29. c3 {[%emt 0:02:51]} bxc3 {[%emt 0:02:33]} 30. Nxc3 {[%emt 0:00:07]} Rb8 {[%emt 0:01:01]} 31. Rb1 {[%emt 0:00:46]} e5 {[%emt 0:01:36]} 32. Red1 {[%emt 0:03:59]} Nd4 {[%emt 0:00:39]} 33. b4 {[%emt 0:00:16]} Rdc8 {[%emt 0:00:59]} 34. Rd2 {[%emt 0:02:55]} Nd7 {[%emt 0:00:37]} 35. Ne2 {[%emt 0:00:29]} Nxe2+ {[%emt 0:00:24]} 36. Rxe2 {[%emt 0:00:01]} Rc4 {[%emt 0:00:14]} 37. b5 {[%emt 0:02:09]} Rc5 {[%emt 0:00:12]} 38. Qa3 {[%emt 0:00:34]} Rxb5 {[%emt 0:00:16]} 39. Rxb5 {[%emt 0:00:12]} Qxb5 {[%emt 0:00:04]} 40. Rd2 {[%emt 0:00:11]} Nc5 {[%emt 0:01:22]} 41. Rxd6 {[%emt 0:00:30]} Qb1+ {[%emt 0:00:05]} 42. Kh2 {[%emt 0:00:06]} Nxe4 {[%emt 0:00:09]} 43. Bxe4 {[%emt 0:01:01]} Qxe4 {[%emt 0:00:02]} 44. Qd3 {[%emt 0:02:18]} Qxd3 {[%emt 0:01:06]} 45. Rxd3 {[%emt 0:00:05]} Rb2 {[%emt 0:00:10]} 46. Kg2 {[%emt 0:00:03]} Kf6 {[%emt 0:00:39]} 47. g4 {[%emt 0:00:54]} Ke6 {[%emt 0:00:51]} 48. Rd8 Kf6 {[%emt 0:00:26]} 49. Re8 {[%emt 0:01:40]} Rb6 {[%emt 0:01:03]} 50. Kg3 {[%emt 0:00:20]} Re6 {[%emt 0:00:29]} 51. Ra8 {[%emt 0:00:17]} Re7 {[%emt 0:01:21]} 52. Ra5 {[%emt 0:00:52]} g5 {[%emt 0:00:30]} 53. Kf3 {[%emt 0:00:40]} Kg6 {[%emt 0:00:16]} 54. Ke4 {[%emt 0:00:45]} f6 {[%emt 0:00:36]} 55. Ra6 {[%emt 0:00:50]} Rd7 {[%emt 0:00:23]} 56. Ra8 {[%emt 0:00:31]} Rd4+ {[%emt 0:00:26]} 57. Ke3 {[%emt 0:00:22]} Rb4 {[%emt 0:00:09]} 58. Kf3 {[%emt 0:00:13]} h5 {[%emt 0:00:52]} 59. Ra6 {[%emt 0:01:05]} Rc4 {[%emt 0:01:00]} 60. gxh5+ {[%emt 0:00:43]} Kxh5 {[%emt 0:00:19]} 61. Rxf6 {[%emt 0:00:03]} Rf4+ {[%emt 0:00:12]} 62. Rxf4 {[%emt 0:00:04]} exf4 {[%emt 0:00:04]} 63. Ke4 {[%emt 0:00:38]} Kh4 {[%emt 0:00:39]} 64. Kf5 {[%emt 0:00:34]} Kxh3 {[%emt 0:00:11]} 65. Kxg5 {[%emt 0:00:15]} Kg2 {[%emt 0:00:50]} 66. Kxf4 {[%emt 0:00:05]} Kxf2 {[%emt 0:00:10]} 1/2-1/2

[Event "FRA-ch Youth U16 2018"]
[Site "Agen"]
[Date "2018.04.18"]
[Round "5"]
[White "Boulart, Emilie"]
[Black "Conti, Anne-Marie"]
[Result "1/2-1/2"]
[WhiteElo "1781"]
[BlackElo "1865"]
[Annotator "NA"]
[PlyCount "106"]
[EventDate "2018.??.??"]
[EventType "swiss"]
[EventCountry "FRA"]
[SourceTitle "playchess.com"]
[Source "ChessBase"]
[SourceQuality "1"]
[TimeControl "5400+30"]

1. e4 {[%emt 0:00:00]} c5 {[%emt 0:00:16]} 2. c3 {[%emt 0:00:00]} d5 {[%emt 0:00:07]} 3. exd5 {[%emt 0:00:00]} Qxd5 {[%emt 0:00:05]} 4. d4 {[%emt 0:00:00]} Nf6 {[%emt 0:00:07]} 5. Nf3 {[%emt 0:00:00]} Bg4 {[%emt 0:00:08]} 6. Be2 {[%emt 0:00:06]} e6 {[%emt 0:00:47]} 7. O-O {[%emt 0:00:38]} Nc6 {[%emt 0:00:17]} 8. Be3 {[%emt 0:01:02]} cxd4 {[%emt 0:00:18]} 9. cxd4 {[%emt 0:00:06]} Be7 {[%emt 0:00:08]} 10. Nc3 {[%emt 0:00:24]} Qd6 {[%emt 0:00:35]} 11. h3 {[%emt 0:00:41]} Bh5 {[%emt 0:00:08]} 12. Qb3 {[%emt 0:01:42]} O-O {[%emt 0:00:52]} 13. Rfd1 {[%emt 0:00:30]} Nb4 {[%emt 0:01:28]} 14. Rac1 {[%emt 0:15:03] LiveBook: 9 Games} Nbd5 {[%emt 0:04:00]} 15. Bg5 {[%emt 0:04:50]} Rfd8 {[%emt 0:07:41]} 16. Nxd5 {[%emt 0:20:02]} Nxd5 $11 {[%emt 0:05:41]} 17. Bxe7 {[%emt 0:00:33]} Qxe7 {[%emt 0:00:50]} 18. a3 {[%emt 0:14:49]} h6 {[%emt 0:09:50]} 19. Rc2 {[%emt 0:04:24]} Nf4 {[%emt 0:09:05]} 20. Bc4 {[%emt 0:04:39]} Bg6 {[%emt 0:07:01]} 21. Rcd2 {[%emt 0:13:06]} Rac8 {[%emt 0:04:01]} 22. Kh2 {[%emt 0:07:42]} Qc7 {[%emt 0:03:41]} 23. Ne5 {[%emt 0:05:10]} Bh5 {[%emt 0:17:16]} 24. g4 {[%emt 0:02:58]} Ng6 {[%emt 0:01:16]} 25. Qg3 {[%emt 0:01:58]} Nxe5 {[%emt 0:00:40]} 26. dxe5 {[%emt 0:00:36]} Rxd2 {[%emt 0:00:31]} 27. Rxd2 {[%emt 0:00:02]} Bxg4 {[%emt 0:01:37]} 28. Qxg4 {[%emt 0:02:06]} Qxc4 {[%emt 0:01:00]} 29. Rd8+ {[%emt 0:00:37]} Kh7 {[%emt 0:00:26]} 30. Qxc4 {[%emt 0:00:39]} Rxc4 {[%emt 0:00:11]} 31. Rd7 {[%emt 0:00:02]} Rc2 {[%emt 0:01:28]} 32. Rxb7 {[%emt 0:00:04]} Rxf2+ {[%emt 0:00:22]} 33. Kg3 {[%emt 0:00:06]} Re2 {[%emt 0:03:23]} 34. Rxf7 {[%emt 0:00:28]} Rxe5 {[%emt 0:01:06]} 35. Rxa7 {[%emt 0:00:10]} Rb5 {[%emt 0:00:08]} 36. b4 {[%emt 0:00:30]} Kg6 {[%emt 0:00:13]} 37. Ra5 {[%emt 0:00:21]} Rb8 {[%emt 0:00:20]} 38. Re5 {[%emt 0:00:15]} Kf6 {[%emt 0:00:08]} 39. Re3 {[%emt 0:01:15]} e5 {[%emt 0:00:27]} 40. Rb3 {[%emt 0:00:33]} Ke6 {[%emt 0:00:13]} 41. Kf3 {[%emt 0:01:49]} g5 {[%emt 0:01:17]} 42. b5 {[%emt 0:00:26]} Kd5 {[%emt 0:00:25]} 43. a4 {[%emt 0:00:04]} Rf8+ {[%emt 0:02:19]} 44. Ke2 {[%emt 0:00:24]} Ra8 {[%emt 0:04:13]} 45. b6 {[%emt 0:01:01]} Kc6 {[%emt 0:00:52]} 46. a5 {[%emt 0:00:33]} Kb7 {[%emt 0:00:24]} 47. Rb5 {[%emt 0:00:30]} Re8 {[%emt 0:01:07]} 48. Ke3 {[%emt 0:00:10]} h5 {[%emt 0:01:40]} 49. Rb4 {[%emt 0:00:52]} Re7 {[%emt 0:01:36]} 50. Kf3 {[%emt 0:00:33]} Ka6 {[%emt 0:04:37]} 51. Ke4 {[%emt 0:00:28]} g4 {[%emt 0:01:11]} 52. hxg4 {[%emt 0:00:20]} hxg4 {[%emt 0:00:01]} 53. Rb3 {[%emt 0:00:25]} g3 {[%emt 0:03:25]} 1/2-1/2

[Event "FRA-ch Youth U16 2018"]
[Site "Agen"]
[Date "2018.04.18"]
[Round "5"]
[White "Sabiani, Chjara"]
[Black "Grall, Alba"]
[Result "1/2-1/2"]
[WhiteElo "1723"]
[BlackElo "1855"]
[Annotator "NA"]
[PlyCount "98"]
[EventDate "2018.??.??"]
[EventType "swiss"]
[EventCountry "FRA"]
[SourceTitle "playchess.com"]
[Source "ChessBase"]
[SourceQuality "1"]
[TimeControl "5400+30"]

1. d4 {[%emt 0:00:00]} Nf6 {[%emt 0:00:05]} 2. c4 {[%emt 0:00:00]} e6 {[%emt 0:00:04]} 3. Nf3 {[%emt 0:00:00]} d5 {[%emt 0:00:41]} 4. Nc3 {[%emt 0:00:38]} Bb4 {[%emt 0:00:39]} 5. Bg5 {[%emt 0:03:37]} h6 {[%emt 0:00:14]} 6. Bxf6 {[%emt 0:03:21]} Qxf6 {[%emt 0:00:07]} 7. Qc2 {[%emt 0:01:37]} O-O {[%emt 0:06:22]} 8. e3 $11 {[%emt 0:05:13] LiveBook: 15 Games} Nd7 {[%emt 0:09:02]} 9. Be2 {[%emt 0:01:51]} dxc4 {[%emt 0:00:44]} 10. g4 {[%emt 0:04:38]} b5 {[%emt 0:08:55]} 11. Rg1 {[%emt 0:08:18]} g5 {[%emt 0:12:56]} 12. h4 {[%emt 0:05:11]} Kg7 {[%emt 0:01:39]} 13. O-O-O {[%emt 0:14:14]} Bxc3 {[%emt 0:07:24]} 14. bxc3 {[%emt 0:00:36]} Bb7 {[%emt 0:01:53]} 15. Rg3 {[%emt 0:05:04]} Rg8 {[%emt 0:06:05]} 16. Rdg1 {[%emt 0:04:40]} c5 {[%emt 0:07:09]} 17. Qd2 {[%emt 0:04:44]} cxd4 {[%emt 0:08:52]} 18. exd4 {[%emt 0:02:41]} Kf8 {[%emt 0:00:14]} 19. h5 {[%emt 0:06:03]} Qe7 {[%emt 0:02:03]} 20. Ne1 {[%emt 0:02:22]} Nf6 {[%emt 0:01:34]} 21. Qc2 {[%emt 0:03:24]} Qa3+ {[%emt 0:00:52]} 22. Qb2 {[%emt 0:00:51]} Qxb2+ {[%emt 0:00:36]} 23. Kxb2 {[%emt 0:00:01]} Bd5 {[%emt 0:05:18]} 24. Bf3 {[%emt 0:02:30]} Ke7 {[%emt 0:03:29]} 25. Nc2 {[%emt 0:00:31]} a5 {[%emt 0:01:36]} 26. Ne3 {[%emt 0:01:13]} Bxf3 {[%emt 0:01:09]} 27. Rxf3 {[%emt 0:00:37]} Rgd8 {[%emt 0:00:51]} 28. Re1 {[%emt 0:00:26]} Nd5 {[%emt 0:01:08]} 29. Nf5+ {[%emt 0:00:39]} Ke8 {[%emt 0:03:20]} 30. Nxh6 {[%emt 0:02:56]} Nf4 {[%emt 0:00:17]} 31. Kc2 {[%emt 0:01:22]} Kf8 {[%emt 0:00:21]} 32. Re5 {[%emt 0:00:43]} f6 {[%emt 0:00:53]} 33. Rxf4 {[%emt 0:00:43]} gxf4 {[%emt 0:00:58]} 34. Rxe6 {[%emt 0:00:22]} Kg7 {[%emt 0:02:13]} 35. Nf5+ {[%emt 0:00:31]} Kf7 {[%emt 0:00:18]} 36. Re7+ {[%emt 0:00:30]} Kg8 {[%emt 0:01:11]} 37. Nh6+ {[%emt 0:03:56]} Kf8 {[%emt 0:01:01]} 38. Rf7+ {[%emt 0:01:03]} Ke8 {[%emt 0:00:05]} 39. Rxf6 {[%emt 0:00:02]} b4 {[%emt 0:01:16]} 40. g5 {[%emt 0:02:00]} b3+ {[%emt 0:02:53]} 41. Kb2 {[%emt 0:01:17]} a4 {[%emt 0:01:16]} 42. a3 {[%emt 0:01:55]} Rd7 {[%emt 0:00:11]} 43. Re6+ {[%emt 0:02:06]} Re7 {[%emt 0:00:16]} 44. Rxe7+ Kxe7 {[%emt 0:00:04]} 45. Nf5+ {[%emt 0:00:50]} Ke6 {[%emt 0:00:33]} 46. Ng7+ Kf7 {[%emt 0:00:13]} 47. Nf5 {[%emt 0:00:19]} Ke6 {[%emt 0:00:45]} 48. Ng7+ {[%emt 0:00:12]} Kf7 49. Nf5 Rd8 1/2-1/2

[Event "FRA-ch Youth U16 2018"]
[Site "Agen"]
[Date "2018.04.19"]
[Round "6"]
[White "Gatineau, Yovann"]
[Black "Lucas, Arthur"]
[Result "1-0"]
[WhiteElo "2365"]
[BlackElo "2117"]
[Annotator "TA"]
[PlyCount "129"]
[EventDate "2018.??.??"]
[EventType "swiss"]
[EventCountry "FRA"]
[SourceTitle "playchess.com"]
[Source "ChessBase"]
[SourceQuality "1"]

{[%evp 22,129,4,-47,30,30,29,29,20,0,25,0,0,0,0,0,0,0,0,0,6,0,37,0,33,33,48,70,75,6,10,20,52,0,0,0,0,0,0,0,0,0,0,0,0,0,0,-20,0,-50,0,-47,-5,-18,0,0,0,0,0,0,0,-14,0,0,0,0,0,0,45,42,79,70,74,64,75,69,91,86,127,137,110,105,223,206,247,225,251,251,251,249,251,251,251,251,204,0,245,181,83,32,560,560,5415,4964,29979,29978,29985,2043,29986,29987]} 1. d4 Nf6 2. Nf3 g6 3. c4 Bg7 4. Nc3 O-O 5. e4 d6 6. h3 e5 7. d5 a5 8. g4 Na6 9. Be3 Nd7 {E90: King's Indian: Classical: Early deviations and 6 h3} (9... Nc5 10. Nd2 c6 11. Be2 a4 12. Qc2 Bd7 13. a3 cxd5 14. exd5 Rc8 15. f3 e4 16. fxe4 Qe7 17. O-O h5 18. g5 Nh7 19. h4 f6 20. Nf3 {½-½ (68) Anton Guijarro,D (2666)-Demchenko,A (2660) Riadh 2017}) 10. Nd2 Ndc5 11. h4 f5 12. g5 {LiveBook: 3 Games} ({White should try} 12. gxf5 $11 gxf5 13. a3) 12... fxe4 (12... c6 $15) 13. Ndxe4 $11 Nxe4 14. Nxe4 b6 15. h5 Nc5 16. Nxc5 bxc5 17. hxg6 hxg6 18. Bd3 Bf5 19. Bxf5 Rxf5 20. Qg4 $146 a4 21. O-O-O Rb8 22. Qh4 Kf7 23. Qe4 Rb6 24. Rh7 Qb8 25. Rd2 (25. Qc2 $16) 25... Kg8 26. Rh3 Rb4 27. a3 (27. f3 $14) 27... Rb3 28. Qh4 Kf7 29. Qe4 Kg8 30. Rc2 Qc8 31. Rh1 Qb8 32. Rh3 Qc8 33. Rh2 Qb8 34. Qh4 {Strongly threatening Qh7+.} Kf7 35. Qg4 Kg8 (35... e4 $5) 36. Rd2 Qe8 (36... e4 $5) 37. Qe4 Qb8 38. Re2 Qc8 39. Rh4 Qb8 40. Rh1 Qc8 41. Rd1 Qb8 42. Rd3 Qb7 43. Rxb3 (43. Kb1 {seems wilder.} Rb6 44. Bc1 Qb8 45. Rh3 Qe8 46. Qc2) 43... Qxb3 44. Qc2 Qxc2+ (44... Kf8 {keeps more tension.} 45. Qxb3 axb3 46. Re1 e4 47. Rh1 Ke8) 45. Kxc2 {[%mdl 4096] Endgame KRB-KRB} Kf7 46. b3 axb3+ 47. Kxb3 Ke7 48. a4 $1 Rf8 49. a5 Rb8+ 50. Ka3 Kd7 51. Bd2 $1 c6 {[#]} (51... Kc8 $16 {was necessary.}) 52. Bc3 $1 $18 cxd5 53. cxd5 Bf8 54. Re4 Be7 {[#]} 55. f4 $1 exf4 56. Rxf4 Bxg5 57. Rf7+ Kc8 58. Ka4 $2 ({White has to play} 58. a6 $18 {Rf8+ is the strong threat.} Rb6 59. Rf8+ Kd7 60. Ra8) 58... Bd8 $2 (58... Rb1 $1 $11) 59. Rg7 {[%mdl 1024] White has strong compensation.} g5 60. Rh7 (60. Rg8 $16 Kb7 61. Rg6) 60... Rb7 $2 {[%mdl 8192]} (60... g4 $14) 61. Rh8 Kc7 {If only Black now had time for ...Ra7....} 62. a6 {[%cal Ba5a6,Ba6a7][%mdl 32] Intending Ba5+ and mate.} Rb1 63. Ba5+ Kd7 64. Rxd8+ Ke7 65. a7 {Precision: White = 59%, Black = 39%.} 1-0

[Event "FRA-ch Youth U16 2018"]
[Site "Agen"]
[Date "2018.04.19"]
[Round "6"]
[White "Travadon, Loic"]
[Black "Dalaud, Dorian"]
[Result "1-0"]
[WhiteElo "2344"]
[BlackElo "2066"]
[Annotator "TA"]
[PlyCount "53"]
[EventDate "2018.??.??"]
[EventType "swiss"]
[EventCountry "FRA"]
[SourceTitle "playchess.com"]
[Source "ChessBase"]
[SourceQuality "1"]

{[%evp 13,53,40,44,34,29,27,27,27,35,36,37,29,158,158,179,29,199,204,206,206,201,203,200,203,231,161,174,177,285,259,320,327,318,312,398,396,468,480,470,438,437,415]} 1. e4 c5 2. c3 g6 3. d4 cxd4 4. cxd4 d5 5. e5 Bg7 6. Nf3 Nh6 {B27: Sicilian: 2 Nf3, unusual Black 2nd moves} (6... Nc6 7. Bb5 Nh6 8. O-O O-O 9. h3 f6 10. exf6 exf6 11. Nc3 Nf7 12. Re1 Qd6 13. Be3 Bf5 14. Rc1 Rac8 {0-1 (46) Grischuk,A (2772)-Mamedov,R (2709) Huaian 2017}) 7. Bf4 f6 {LiveBook: 5 Games} 8. exf6 exf6 {White is slightly better.} 9. Nc3 {Black must now prevent Qb3.} O-O $146 ({Find the theoretical novelty and annotate with similar games:} 9... Nc6 10. Qb3 g5 11. Be3 Nf5 12. Qxd5 g4 13. Nd2 Qe7 14. O-O-O {1-0 (37) Kiili,M (2224)-Tiitta,S (2203) Finland 2017}) 10. Qb3 Re8+ 11. Be2 {[%cal Bf1e2,Be2c4,Bc4d5][%mdl 32]} Nc6 12. Qxd5+ Qxd5 (12... Be6 $1 $11 {keeps the balance.} 13. Qxd8 Raxd8) 13. Nxd5 $16 Bg4 14. Kf1 (14. Bxh6 $1 $18 {Threatens to win with Be3.} Bxf3 15. gxf3 Nxd4 16. Be3 Nc2+ 17. Kd2 Nxa1 18. Rxa1) 14... Rad8 $2 {[#]} (14... g5 $11 {and Black has nothing to worry.}) 15. Bxh6 $1 $18 Rxd5 16. Bc4 Bxh6 17. Bxd5+ Kf8 18. h3 Bf5 19. g4 Bd3+ 20. Kg2 Re2 (20... Nb4 $142) 21. Rhd1 Ba6 {Now ...Nb4 and Black clings on.} 22. Bxc6 bxc6 23. Re1 Rxb2 24. Re6 $1 {[%csl LRc6,LRf6]} Bc4 25. Rxf6+ {White is clearly winning.} Ke7 26. Rxc6 Bd5 27. Re1+ {Precision: White = 69%, Black = 37%.} 1-0

[Event "FRA-ch Youth U16 2018"]
[Site "Agen"]
[Date "2018.04.19"]
[Round "6"]
[White "Tomasi, Albert"]
[Black "Degraeve, Remy"]
[Result "0-1"]
[WhiteElo "2298"]
[BlackElo "2294"]
[Annotator "TA"]
[PlyCount "108"]
[EventDate "2018.??.??"]
[EventType "swiss"]
[EventCountry "FRA"]
[SourceTitle "playchess.com"]
[Source "ChessBase"]
[SourceQuality "1"]

{[%evp 14,108,61,40,105,119,118,114,101,89,90,31,56,-41,43,37,63,16,34,33,53,-7,0,-15,0,-14,0,0,0,0,0,-20,-23,-18,-14,-17,-11,-6,-10,-19,0,-27,-17,-41,-14,-26,-25,-42,-14,-47,-23,-36,-17,-50,-25,-33,-12,-11,-12,-70,-70,-72,-69,-72,-75,-77,-27,-34,-28,-400,-410,-679,-672,-642,-597,-451,-382,-29970,-6311,-29971,-29971,-29973,-29974,-29974,-29975,-29971,-29972,-29972,-29973,-29984,-29985,-29985,-29986,-29987,-29988,-29988,-29989]} 1. e4 g6 2. d4 Bg7 3. Nc3 c6 4. Nf3 d6 5. Be3 Nf6 6. Qd2 O-O 7. Bh6 Qc7 8. O-O-O b5 {B08: Pirc Defence: Classical System} (8... Nbd7 $14) 9. Bxg7 $16 Kxg7 10. e5 $146 {[%cal Re5f6]} ({Predecessor:} 10. Bd3 e5 11. dxe5 dxe5 12. Ne2 Be6 13. Kb1 a5 14. h4 Nbd7 15. Ng5 Nc5 16. h5 b4 17. hxg6 fxg6 18. Qe3 h6 19. Rxh6 {1-0 (28) Kun,G (2314)-Bognar,C (2237) Hungary 2000}) 10... dxe5 {White is better.} 11. dxe5 Ng4 12. Kb1 (12. Re1 $16) 12... Na6 13. Ne4 (13. Re1 $14) 13... Be6 (13... Bf5 $15 14. Ng3 Be6) 14. Neg5 $14 Bf5 15. Nd4 {Threatens to win with h3.} Qxe5 16. h3 Nf6 17. Re1 ({White should play} 17. g4 $14 Bd7 18. Ngf3) 17... Qc5 18. Nxf5+ Qxf5 19. Rxe7 {And now Ne6+ would win.} Kg8 20. Bd3 Qc5 21. Rhe1 {aiming for Nxh7.} Nb4 22. R7e5 Qd6 23. a3 Nxd3 24. Qxd3 Qxd3 25. cxd3 Nd5 {White must now prevent ...f6.} 26. R5e4 Rad8 27. Rc1 Rd6 28. Nf3 Rfd8 29. d4 f6 30. g3 Kf7 31. h4 h5 32. Re2 Ne7 33. Rce1 Nf5 (33... R8d7 {with more complications.} 34. b4 Rd5 35. Kb2 a6 36. Kc3 R5d6) 34. Rc1 Re8 35. Rxe8 Kxe8 $11 {[%mdl 4096] Endgame KRN-KRN} 36. Re1+ ({White should try} 36. d5 $11) 36... Kd7 $15 37. Re4 Re6 38. Rxe6 Kxe6 {KN-KN} 39. Kc2 Kd5 40. Kd3 Nd6 41. Nd2 $2 {[%mdl 8192] [#]} (41. Ng1 $11) 41... Nc4 $1 $19 42. Nxc4 (42. Nb1 $142 Nxb2+ 43. Kc2) 42... bxc4+ {KP-KP} 43. Ke3 a6 {[%cal Ba7a6,Ba6a5][%mdl 32]} 44. f3 f5 45. f4 $2 (45. g4 $19 fxg4 46. fxg4 hxg4 47. Kf4 Kxd4 48. Kxg4) 45... a5 46. a4 {[#]} c5 $1 {[%cal Rc5d4] Black mates.} 47. dxc5 Kxc5 48. Kd2 Kb4 49. Kc2 Kxa4 50. Kc3 Kb5 51. Kd2 Kb4 52. Kc2 a4 53. Kd2 Kb3 54. Kc1 c3 {Precision: White = 30%, Black = 46%.} 0-1

[Event "FRA-ch Youth U16 2018"]
[Site "Agen"]
[Date "2018.04.19"]
[Round "6"]
[White "Robert, Mathias"]
[Black "Vlachos, Anatole"]
[Result "0-1"]
[WhiteElo "2171"]
[BlackElo "2346"]
[Annotator "TA"]
[PlyCount "96"]
[EventDate "2018.??.??"]
[EventType "swiss"]
[EventCountry "FRA"]
[SourceTitle "playchess.com"]
[Source "ChessBase"]
[SourceQuality "1"]

{[%evp 14,96,35,4,20,16,22,16,16,10,41,0,0,3,36,20,19,9,23,0,23,-22,49,35,41,-45,-27,-108,-109,-100,-100,-96,-51,-46,-50,-54,-44,-45,0,0,0,0,43,43,40,-203,-195,-266,-266,-360,-311,-304,-314,-306,-233,-362,-361,-325,-220,-384,-404,-689,-335,-423,-357,-337,-322,-423,-423,-423,-423,-423,-423,-423,-423,-5490,-4779,-29978,-29979,-29978,-29978,-29979,-29980,-29980,-29980]} 1. e4 Nc6 2. Nf3 d6 3. d4 Nf6 4. Nc3 g6 5. h3 Bg7 6. Be3 O-O 7. Qd2 a6 8. a4 {LiveBook: 33 Games} Re8 {B08: Pirc Defence: Classical System} 9. d5 $146 ({Predecessor:} 9. Be2 e5 10. dxe5 Nxe5 11. Nxe5 Rxe5 12. Bd3 d5 13. exd5 Nxd5 14. Be4 Rxe4 15. Nxe4 Bf5 16. Nc3 Nxe3 17. Qxd8+ Rxd8 18. fxe3 Bxc2 {0-1 (39) Der Manuelian,H (2115)-Melkumyan,H (2642) Yerevan 2017}) 9... Nb8 10. Bd3 Nbd7 {The position is equal.} 11. O-O c6 12. dxc6 bxc6 13. Bc4 Qa5 14. Rfe1 Rb8 15. Rab1 Qb4 16. Ba2 Bb7 17. Bh6 Bh8 (17... Rbd8 $11) 18. Ng5 $14 {[%csl Gg5][%cal Ra2f7]} e6 $1 19. f4 (19. Red1 $14) 19... d5 $15 20. f5 (20. Red1 $11 {keeps the balance.}) 20... exf5 $17 21. exf5 Ne5 (21... gxf5 $6 22. Nf3 $11) 22. Qf2 Bc8 (22... Bg7 {is more complex.} 23. fxg6 hxg6 24. Bxg7 Kxg7 25. Re3 Ned7) 23. fxg6 hxg6 24. Nxd5 cxd5 {[#]} 25. Bxd5 $1 {[%mdl 512]} Bf5 {[#]} (25... Rb7 $5 26. Bxb7 Bxb7 $11) (25... Nxd5 26. Qxf7+) 26. Rxe5 $1 {[%csl Gg5][%cal Rd5f7][%mdl 512]} Nxd5 (26... Rxe5 27. Bxf7#) 27. Rxd5 Rbd8 28. Rxd8 Rxd8 29. c3 $2 (29. Kh1 $14 {stays ahead.} Qxa4 30. Re1) 29... Bxc3 $1 $19 30. Qf3 (30. Kh1 $142 f6 31. Rf1) 30... f6 31. Rf1 Bd4+ (31... Qxb2 32. Ne4 $15) ({Much less strong is} 31... Bxb2 32. g4 $19) 32. Kh1 {intending Ne4.} fxg5 33. Bxg5 Rd7 34. Qc6 (34. Qa8+ $142 Kh7 35. Qxa6) 34... Qb7 ({But not} 34... Qxb2 35. Qxa6 Qc2 36. Bf6 $19) (34... Bxb2 35. Rxf5 $1 {[%mdl 512]} Rd1+ 36. Kh2 $15) 35. Qc4+ Qd5 36. Qc8+ $2 (36. Qxd5+ Rxd5 37. Rd1) 36... Kg7 37. h4 {[#]} (37. Qe8 $142) 37... Rf7 (37... Re7 $142 $1 {[%mdl 512]} 38. Qxa6 (38. Bxe7 Bxc8) 38... Bh3 39. Bf6+ Kh6) 38. Qe8 Qe6 39. Qxe6 Bxe6 40. Rxf7+ Kxf7 41. b4 Bd7 42. b5 axb5 43. axb5 Bxb5 44. g4 (44. h5 $142 gxh5 45. Kh2) 44... Bf6 {Threatens to win with ...Bxg5.} 45. Bxf6 Kxf6 {Black mates.} 46. Kg2 Be2 47. Kg3 Ke5 48. g5 Bd1 {Precision: White = 34%, Black = 51%.} 0-1